[Event "Hotel MEDOSZ Spring Open"]
[Site "Budapest"]
[Date "2014.03.21"]
[Round "8.5"]
[White "Kakuk, Sandor"]
[Black "To, Nhat Minh"]
[Result "0-1"]
[WhiteElo "2200"]
[BlackElo "2354"]
[PlyCount "74"]
[EventDate "2014.03.14"]

1. e4 c5 2. Nf3 d6 3. d4 cxd4 4. Nxd4 Nf6 5. Nc3 a6 6. Bg5 e6 7. f4 Qb6 8. Nb3
Nbd7 9. Qf3 Qc7 10. O-O-O b5 11. Bd3 Bb7 12. Rhe1 Be7 13. Qe2 b4 14. Nd5 exd5
15. exd5 O-O 16. Qxe7 Rfe8 17. Bxf6 Rxe7 18. Bxe7 Bxd5 19. Bxh7+ Kxh7 20. Rxd5
Rc8 21. Rd2 Nc5 22. Kb1 Re8 23. Rde2 Nxb3 24. axb3 Qd7 25. h3 Qb5 26. g4 a5 27.
f5 a4 28. Re3 axb3 29. Rxb3 f6 30. h4 Qd7 31. Rbe3 Qa7 32. g5 Ra8 33. Kc1 Qa1+
34. Kd2 Qxb2 35. Bxd6 Rc8 36. g6+ Kh6 37. Ke2 Qxc2+ 0-1

[Event "Hotel MEDOSZ Spring Open"]
[Site "Budapest"]
[Date "2014.03.21"]
[Round "8.6"]
[White "Szalanczy, Emil"]
[Black "Bach, Matthias"]
[Result "1-0"]
[WhiteElo "2240"]
[BlackElo "2234"]
[PlyCount "201"]
[EventDate "2014.03.14"]

1. e4 e5 2. Nf3 Nc6 3. Bb5 Bc5 4. O-O d6 5. c3 a6 6. Ba4 Ba7 7. h3 Nf6 8. d3 h6
9. Nbd2 b5 10. Bc2 Ne7 11. a4 Ng6 12. b4 O-O 13. Nb3 Bd7 14. Be3 bxa4 15. Na5
Bxe3 16. fxe3 d5 17. exd5 Nxd5 18. Qd2 Qe7 19. Bxa4 Bxa4 20. Rxa4 c5 21. e4 Qd7
22. Ra2 Ndf4 23. bxc5 Nxd3 24. Qe3 Ndf4 25. Nxe5 Nxh3+ 26. Qxh3 Qxh3 27. gxh3
Nxe5 28. Rd1 Rfe8 29. Rd5 f6 30. Rb2 Ra7 31. Rb7 Rxb7 32. Nxb7 Rc8 33. Na5 Nc6
34. Nxc6 Rxc6 35. Kf2 Kf7 36. Ke3 Ke6 37. Kd4 g5 38. Rd8 h5 39. Re8+ Kf7 40.
Rh8 Ke6 41. Rxh5 a5 42. Rh8 Ra6 43. Rb8 a4 44. Rb6+ Rxb6 45. cxb6 a3 46. b7 a2
47. b8=Q a1=Q 48. Qe8+ Kd6 49. e5+ fxe5+ 50. Qxe5+ Kc6 51. Qf6+ Kc7 52. Qe7+
Kc6 53. Qc5+ Kd7 54. Qf5+ Kc6 55. Qd3 Kd6 56. Ke4+ Ke6 57. Qd5+ Kf6 58. Qf5+
Kg7 59. Qxg5+ Kh7 60. Qh4+ Kg8 61. Qg3+ Kh7 62. Qd3 Kh6 63. Qe3+ Kh7 64. Kf3
Qb2 65. Qd3+ Kh6 66. Qd6+ Kh7 67. Qe7+ Kh6 68. Qe3+ Kh7 69. Kg3 Qb8+ 70. Qf4
Qg8+ 71. Kf3 Qb3 72. Qe4+ Kh6 73. Qe3+ Kh7 74. Qd3+ Kh6 75. Ke2 Qb7 76. c4 Qg2+
77. Kd1 Qh1+ 78. Kc2 Qa1 79. Qe3+ Kh7 80. Qe4+ Kh6 81. Qe6+ Kh7 82. c5 Qa4+ 83.
Qb3 Qc6 84. Qd3+ Kh8 85. Qd4+ Kg8 86. Qg4+ Kh8 87. Qh5+ Kg8 88. Qg5+ Kh8 89.
Qe5+ Kh7 90. Qf5+ Kh8 91. Kc3 Qa6 92. Qe5+ Kh7 93. Qc7+ Kg8 94. Kb4 Qd3 95.
Qc8+ Kh7 96. Qe6 Qd2+ 97. Kb5 Qd3+ 98. Kb6 Qd4 99. Qf5+ Kh6 100. Kc7 Qg7+ 101.
Qd7 1-0

[Event "Hotel MEDOSZ Spring Open"]
[Site "Budapest"]
[Date "2014.03.21"]
[Round "8.7"]
[White "Pesola, Jyrki"]
[Black "Pirisi, Gabor"]
[Result "0-1"]
[WhiteElo "1863"]
[BlackElo "2258"]
[PlyCount "64"]
[EventDate "2014.03.14"]

1. e4 c5 2. Nf3 d6 3. d4 cxd4 4. Nxd4 Nf6 5. Nc3 g6 6. Be3 Bg7 7. f3 Nc6 8. Qd2
O-O 9. O-O-O Qc7 10. Kb1 Nxd4 11. Bxd4 Be6 12. Nd5 Bxd5 13. exd5 Rfc8 14. Bc3
b5 15. Ba5 Qb7 16. Bd3 Qxd5 17. Qe2 Qb7 18. Rhe1 e6 19. Bxb5 Rab8 20. c4 a6 21.
Ba4 Rxc4 22. Bb3 Rc5 23. Bc3 Rxc3 24. bxc3 Nd5 25. Rxd5 Qxd5 26. Kc2 Qa5 27.
Qd2 d5 28. f4 Rc8 29. c4 Qa3 30. Qc1 Qc5 31. Kd3 dxc4+ 32. Bxc4 Qd4+ 0-1

[Event "Hotel MEDOSZ Spring Open"]
[Site "Budapest"]
[Date "2014.03.21"]
[Round "8.8"]
[White "Heyl, Thomas"]
[Black "Cross, Ted"]
[Result "1/2-1/2"]
[WhiteElo "1999"]
[BlackElo "2034"]
[PlyCount "23"]
[EventDate "2014.03.14"]

1. c4 g6 2. g3 Bg7 3. Nc3 f5 4. Nf3 Nf6 5. Bg2 O-O 6. O-O d6 7. e4 fxe4 8. Ng5
e5 9. Ngxe4 c6 10. d3 h6 11. Nxf6+ Qxf6 12. Be3 1/2-1/2

[Event "Hotel MEDOSZ Spring Open"]
[Site "Budapest"]
[Date "2014.03.21"]
[Round "8.10"]
[White "Grajczak, Adrian"]
[Black "Ghadiri, Radmehr"]
[Result "1-0"]
[WhiteElo "1953"]
[BlackElo "1786"]
[PlyCount "39"]
[EventDate "2014.03.14"]

1. e4 c6 2. d4 d5 3. f3 Qb6 4. Nc3 dxe4 5. fxe4 e5 6. Nf3 exd4 7. Nxd4 Bc5 8.
Na4 Qa5+ 9. c3 Be7 10. b4 Qe5 11. Bd3 Bxb4 12. O-O Bxc3 13. Nf3 Qa5 14. Qb3
Bxa1 15. Ng5 Bd4+ 16. Kh1 Be6 17. Nxe6 fxe6 18. Ba3 Qc7 19. Rf8+ Kd7 20. Bc4
1-0

[Event "Hotel MEDOSZ Spring Open"]
[Site "Budapest"]
[Date "2014.03.21"]
[Round "8.11"]
[White "Vegvari, Ferenc"]
[Black "Wiman, Kenneth"]
[Result "0-1"]
[WhiteElo "1719"]
[BlackElo "1891"]
[PlyCount "112"]
[EventDate "2014.03.14"]

1. d4 Nf6 2. Nf3 e6 3. Bf4 c5 4. e3 Qb6 5. Qc1 Nc6 6. c3 d5 7. Bd3 Be7 8. Nbd2
Bd7 9. Ne5 Nxe5 10. dxe5 Nh5 11. Bg3 Bc6 12. O-O Nxg3 13. hxg3 Qc7 14. f4 O-O-O
15. a4 f5 16. Qb1 c4 17. Be2 Bc5 18. Rf3 g5 19. Nf1 g4 20. Rf2 h5 21. b4 cxb3
22. Qxb3 h4 23. Bb5 hxg3 24. Re2 Qh7 25. Nxg3 Qc7 26. Rd1 Qb6 27. c4 d4 28. a5
Qc7 29. a6 b6 30. exd4 Bxd4+ 31. Rxd4 Rxd4 32. Bxc6 Qxc6 33. c5 Rd5 34. cxb6
Qxb6+ 35. Qxb6 axb6 36. Rc2+ Rc5 37. Rd2 Rd8 38. Rb2 Kc7 39. Nh5 b5 40. Ng7 Kb6
41. Nxe6 Rd1+ 42. Kf2 Rc4 43. g3 Rdc1 44. Ng7 R1c2+ 45. Rxc2 Rxc2+ 46. Ke1 b4
47. Nxf5 Kxa6 48. Kd1 Rc3 49. Kd2 Rc5 50. Ne3 Kb5 51. e6 Kc6 52. f5 Kd6 53. Nc2
b3 54. Na3 Rxf5 55. Nb5+ Ke7 56. Kc3 Rxb5 0-1

[Event "Hotel MEDOSZ Spring Open"]
[Site "Budapest"]
[Date "2014.03.21"]
[Round "8.12"]
[White "Marcu, Simon"]
[Black "Ongut, Tamas Gunes"]
[Result "0-1"]
[WhiteElo "1892"]
[BlackElo "1531"]
[PlyCount "122"]
[EventDate "2014.03.14"]

1. d4 d5 2. c4 e6 3. e3 Nf6 4. Nf3 Bd6 5. Nc3 c6 6. Bd3 Nbd7 7. O-O O-O 8. e4
dxe4 9. Nxe4 Nxe4 10. Bxe4 Nf6 11. Bc2 h6 12. b3 Qa5 13. Qd3 e5 14. Bd2 e4 15.
Bxa5 exd3 16. Bxd3 c5 17. d5 Bg4 18. Nh4 Rfe8 19. Rfe1 Be5 20. Rac1 Rab8 21. h3
Bd7 22. a4 Kf8 23. Bf5 g5 24. Bxd7 Nxd7 25. Nf5 h5 26. g3 Kg8 27. Re2 Bf6 28.
Rce1 Rxe2 29. Rxe2 Kh7 30. Bc7 Rc8 31. Bd6 Rd8 32. f4 Kg6 33. Ne7+ Kh7 34. Bc7
Re8 35. d6 g4 36. hxg4 hxg4 37. Kf1 Ba1 38. Rh2+ Kg7 39. Rh4 Kf6 40. Rxg4 Rh8
41. Kg2 Ke6 42. Rh4 Rxh4 43. gxh4 Bf6 44. Nc8 Bxh4 45. Nxa7 Be1 46. Kf3 f5 47.
Nb5 Nf6 48. Bd8 Ne4 49. Be7 Ba5 50. Bf8 Nd2+ 51. Kg3 Nxb3 52. Kh4 Nd2 53. Nc7+
Kd7 54. Kg5 Nxc4 55. Kxf5 Nxd6+ 56. Bxd6 Kxd6 57. Nb5+ Kd5 58. Kg6 c4 59. f5 c3
60. Na3 Ke4 61. f6 Kd3 0-1

[Event "Hotel MEDOSZ Spring Open"]
[Site "Budapest"]
[Date "2014.03.21"]
[Round "8.13"]
[White "Ladanyi, Gyula"]
[Black "Szlenka, Attila"]
[Result "0-1"]
[WhiteElo "1798"]
[BlackElo "1804"]
[PlyCount "118"]
[EventDate "2014.03.14"]

1. d4 Nf6 2. Nf3 g6 3. g3 Bg7 4. Bg2 c5 5. d5 d6 6. c4 O-O 7. O-O Bd7 8. Nc3
Qc8 9. e4 Bh3 10. Qe2 a6 11. a4 Bxg2 12. Kxg2 Qc7 13. Nh4 Nbd7 14. f4 e6 15.
Nf3 exd5 16. cxd5 Rfe8 17. Qc2 Re7 18. Re1 Rae8 19. Rb1 h6 20. b3 Qb8 21. Bb2
b5 22. Nd2 Qb7 23. Qd3 b4 24. Nd1 Nb6 25. Nf2 Nfxd5 26. Bxg7 Kxg7 27. Nc4 Nxc4
28. bxc4 Nf6 29. Kf3 d5 30. cxd5 Nxd5 31. Qc4 Nc3 32. Rb3 Rc8 33. Re3 Qc6 34.
Nd3 f5 35. Ne5 Rxe5 36. fxe5 Nxe4 37. Rxe4 fxe4+ 38. Qxe4 Kf7 39. Qxc6 Rxc6 40.
Ke4 c4 41. Rxb4 c3 42. Rb1 c2 43. Rc1 Ke6 44. g4 g5 45. Kd4 Rc8 46. h3 Rc7 47.
Ke4 Rc5 48. Kd4 Rc8 49. Ke4 Rc5 50. Kd4 Rd5+ 51. Kc4 Rd2 52. Kc3 Rd7 53. Rxc2
Rc7+ 54. Kd3 Rxc2 55. Kxc2 Kxe5 56. Kd3 Kf4 57. Ke2 Kg3 58. Ke3 Kxh3 59. Kf3
Kh4 0-1

[Event "Hotel MEDOSZ Spring Open"]
[Site "Budapest"]
[Date "2014.03.21"]
[Round "8.14"]
[White "Horvath, Lajos Dr"]
[Black "Szalay, Janos Dr"]
[Result "0-1"]
[WhiteElo "1565"]
[BlackElo "1795"]
[PlyCount "28"]
[EventDate "2014.03.14"]

1. e4 c5 2. Bc4 a6 3. Nc3 e6 4. a3 b5 5. Ba2 b4 6. axb4 cxb4 7. Nce2 a5 8. d3
d6 9. Bc4 Bb7 10. Bb5+ Nd7 11. Ng3 Be7 12. Nf3 Ngf6 13. e5 dxe5 14. Nxe5 O-O
0-1

[Event "Hotel MEDOSZ Spring Open"]
[Site "Budapest"]
[Date "2014.03.22"]
[Round "9.2"]
[White "Nguyen, Thi Mai Hung"]
[Black "To, Nhat Minh"]
[Result "1-0"]
[WhiteElo "2261"]
[BlackElo "2354"]
[PlyCount "53"]
[EventDate "2014.03.14"]

1. d4 g6 2. e4 Bg7 3. Nc3 d6 4. Be3 a6 5. f4 b5 6. Nf3 Bb7 7. Bd3 Nd7 8. e5 Nh6
9. Qe2 O-O 10. O-O c5 11. Be4 Bxe4 12. Nxe4 cxd4 13. Nxd4 dxe5 14. Nc6 Qc7 15.
Nxe7+ Kh8 16. f5 Rfe8 17. f6 Bf8 18. Rad1 Bxe7 19. Bxh6 Bf8 20. Qd2 Bc5+ 21.
Kh1 Nf8 22. Bg7+ Kg8 23. Qh6 Rad8 24. Ng5 Rxd1 25. Rxd1 Rd8 26. Rf1 Be3 27.
Bxf8 1-0

[Event "Hotel MEDOSZ Spring Open"]
[Site "Budapest"]
[Date "2014.03.22"]
[Round "9.3"]
[White "Nagy, Ervin Dr"]
[Black "Farkas, Richard"]
[Result "1/2-1/2"]
[WhiteElo "2269"]
[BlackElo "2191"]
[PlyCount "84"]
[EventDate "2014.03.14"]

1. e4 c5 2. Nf3 Nc6 3. d4 cxd4 4. Nxd4 g6 5. Nc3 Bg7 6. Be3 Nf6 7. Nb3 O-O 8.
Be2 d6 9. O-O Re8 10. Qd2 Ng4 11. Bxg4 Bxg4 12. f4 Be6 13. Rad1 Na5 14. f5 Bxb3
15. axb3 Nc6 16. fxg6 hxg6 17. Qf2 Rf8 18. Qh4 e6 19. Bg5 f6 20. Be3 Qe7 21.
Qg3 Ne5 22. Bf4 g5 23. Bxe5 dxe5 24. Qe3 b6 25. Rd3 Rfd8 26. Rfd1 Bf8 27. Kh1
Rac8 28. Qh3 Rxd3 29. Qxd3 Rc6 30. h3 Rd6 31. Qxd6 Qxd6 32. Rxd6 Bxd6 33. Nb5
Bb8 34. Kg1 Kf7 35. Kf2 f5 36. b4 a6 37. Na3 b5 38. Kf3 Ba7 39. c3 Ke7 40. Nc2
Bb8 41. Ne1 Kd6 42. Nd3 Ba7 1/2-1/2

[Event "Hotel MEDOSZ Spring Open"]
[Site "Budapest"]
[Date "2014.03.22"]
[Round "9.4"]
[White "House, Glenn L"]
[Black "Balint, Vilmos"]
[Result "1-0"]
[WhiteElo "2204"]
[BlackElo "2246"]
[PlyCount "125"]
[EventDate "2014.03.14"]

1. Nf3 d5 2. g3 Nf6 3. d3 Bg4 4. Nbd2 Nbd7 5. Bg2 e5 6. O-O Bc5 7. e4 c6 8. h3
Be6 9. Ng5 O-O 10. Qe2 Qe7 11. Ndf3 Rae8 12. a3 b5 13. Nxe6 fxe6 14. a4 a6 15.
b3 Qf7 16. axb5 axb5 17. Be3 d4 18. Bd2 Ra8 19. Rfd1 b4 20. Qe1 Qe7 21. Rxa8
Rxa8 22. Ra1 Ra3 23. Qb1 Bd6 24. Bc1 Rxa1 25. Qxa1 h6 26. h4 Bb8 27. Bh3 Kf7
28. Nd2 Qc5 29. Nc4 Nb6 30. Qa5 Qxa5 31. Nxa5 c5 32. Nb7 Nbd7 33. Nd8+ Ke7 34.
Nxe6 Ne8 35. Kf1 Bd6 36. Ke2 Nb8 37. f4 Nc6 38. f5 Na7 39. g4 Nb5 40. Nxg7 Nc3+
41. Ke1 Nxg7 42. Bxh6 Ne8 43. Bg2 Nf6 44. Bf3 Ng8 45. Bc1 Kf8 46. g5 Be7 47. h5
Nb5 48. Kf2 Kg7 49. Kg3 Nd6 50. h6+ Kh8 51. Bh5 Bf8 52. Bd2 Nb5 53. Bf3 Na3 54.
Bd1 Nb5 55. Kh4 Nd6 56. Kh5 Nxh6 57. gxh6 Kh7 58. f6 Nb5 59. Bg4 Na3 60. Bf5+
Kg8 61. Kg6 Nxc2 62. f7+ Kh8 63. Bg5 1-0

[Event "Hotel MEDOSZ Spring Open"]
[Site "Budapest"]
[Date "2014.03.22"]
[Round "9.5"]
[White "Vereb, Gabor"]
[Black "Csapo, Zoltan"]
[Result "1-0"]
[WhiteElo "2137"]
[BlackElo "2024"]
[PlyCount "99"]
[EventDate "2014.03.14"]

1. e4 e5 2. Nf3 Nc6 3. Bb5 Nge7 4. c3 f5 5. d4 fxe4 6. Nxe5 Nxe5 7. dxe5 Ng6 8.
O-O Qe7 9. Qe2 Qxe5 10. Re1 c6 11. Qxe4 Qxe4 12. Rxe4+ Be7 13. Bd3 O-O 14. Re2
Bc5 15. Bxg6 hxg6 16. Be3 Re8 17. Nd2 Bxe3 18. Rxe3 Rxe3 19. fxe3 d5 20. e4 Be6
21. e5 Re8 22. Nf3 Bf5 23. Re1 Be4 24. Kf2 Kf8 25. Ng5 Rxe5 26. Nxe4 dxe4 27.
Ke3 Ke7 28. Rf1 g5 29. g4 g6 30. Rd1 c5 31. a4 Re6 32. Rd5 b6 33. a5 bxa5 34.
Rxc5 Rb6 35. Rxa5 Rxb2 36. Rxa7+ Kf6 37. Ra6+ Kg7 38. Re6 Rxh2 39. Rxe4 Kf6 40.
c4 Rh1 41. Kd4 Rd1+ 42. Kc5 Rf1 43. Kd6 Rd1+ 44. Kc6 Rf1 45. c5 Rc1 46. Kd5
Rd1+ 47. Rd4 Rf1 48. Kd6 Rf4 49. Rxf4+ gxf4 50. c6 1-0

[Event "Hotel MEDOSZ Spring Open"]
[Site "Budapest"]
[Date "2014.03.22"]
[Round "9.7"]
[White "Cross, Ted"]
[Black "Kakuk, Sandor"]
[Result "0-1"]
[WhiteElo "2034"]
[BlackElo "2200"]
[PlyCount "52"]
[EventDate "2014.03.14"]

1. e4 c5 2. Nc3 Nc6 3. f4 e6 4. Nf3 d5 5. Bb5 d4 6. Ne2 Bd7 7. d3 Nf6 8. h3
Qa5+ 9. c3 Qxb5 10. cxd4 cxd4 11. O-O Bc5 12. e5 Nd5 13. a3 a5 14. Ng3 Nce7 15.
Ne4 Nf5 16. Re1 Nfe3 17. Bxe3 Nxe3 18. Qc1 Rc8 19. Nfg5 Be7 20. Qb1 Rc2 21.
Rxe3 Rxb2 22. Qc1 dxe3 23. Qxe3 Bc6 24. Qg3 O-O 25. Nf6+ Bxf6 26. exf6 Rxg2+
0-1

[Event "Hotel MEDOSZ Spring Open"]
[Site "Budapest"]
[Date "2014.03.22"]
[Round "9.8"]
[White "Simon, Lili"]
[Black "Grajczak, Adrian"]
[Result "1/2-1/2"]
[WhiteElo "1936"]
[BlackElo "1953"]
[PlyCount "53"]
[EventDate "2014.03.14"]

1. c4 c5 2. g3 Nc6 3. Bg2 e5 4. Nc3 Nf6 5. Nf3 d6 6. d3 Be7 7. O-O O-O 8. a3
Be6 9. Rb1 a5 10. Ng5 Bd7 11. Nge4 Ne8 12. Nd5 f5 13. Nec3 Nf6 14. b4 axb4 15.
axb4 cxb4 16. Nxb4 Nxb4 17. Rxb4 Bc6 18. Nd5 Bxd5 19. cxd5 Rb8 20. Qb3 b6 21.
Be3 Nd7 22. Rb1 Qc7 23. Bxb6 Nxb6 24. Rxb6 Rxb6 25. Qxb6 Qc2 26. Qb2 Qc5 27.
Rc1 1/2-1/2

[Event "Hotel MEDOSZ Spring Open"]
[Site "Budapest"]
[Date "2014.03.22"]
[Round "9.9"]
[White "Wiman, Kenneth"]
[Black "Ongut, Tamas Gunes"]
[Result "1-0"]
[WhiteElo "1891"]
[BlackElo "1531"]
[PlyCount "93"]
[EventDate "2014.03.14"]

1. d4 d5 2. Nf3 e6 3. c4 Bb4+ 4. Bd2 Bxd2+ 5. Qxd2 Nf6 6. e3 c6 7. Nc3 O-O 8.
Bd3 Nbd7 9. O-O b6 10. cxd5 exd5 11. e4 dxe4 12. Nxe4 Nxe4 13. Bxe4 Bb7 14.
Rad1 Nf6 15. Bb1 Qd5 16. Rfe1 Rfe8 17. Re5 Rxe5 18. dxe5 Qxd2 19. Rxd2 Nd5 20.
g3 Re8 21. Bf5 Bc8 22. Bxc8 Rxc8 23. Nd4 Ne7 24. Kf1 Kf8 25. Ke2 Ke8 26. f4 c5
27. Nb5 Rc6 28. Nxa7 Rh6 29. h4 Nf5 30. Kf2 Rg6 31. Rd3 h5 32. Nb5 Ke7 33. Nc3
c4 34. Nd5+ Ke6 35. Nc7+ Ke7 36. Ra3 Kd7 37. Nd5 Kc6 38. Ne3 Nxe3 39. Rxe3 Kd5
40. Kf3 Kd4 41. f5 Rc6 42. e6 fxe6 43. fxe6 Rc8 44. e7 Re8 45. Kf4 Kd5 46. Kf5
Kd6 47. Re6+ 1-0

[Event "Hotel MEDOSZ Spring Open"]
[Site "Budapest"]
[Date "2014.03.22"]
[Round "9.10"]
[White "Bacsi, Andras"]
[Black "Pesola, Jyrki"]
[Result "1/2-1/2"]
[WhiteElo "1778"]
[BlackElo "1863"]
[PlyCount "44"]
[EventDate "2014.03.14"]

1. a3 e5 2. c4 f5 3. d4 exd4 4. Qxd4 Nc6 5. Qd1 Nf6 6. Nf3 Ne4 7. e3 Be7 8. Bd3
d5 9. O-O O-O 10. Nbd2 Be6 11. Qc2 Nxd2 12. Bxd2 dxc4 13. Bxc4 Bxc4 14. Qxc4+
Kh8 15. Rfd1 Qe8 16. b4 a6 17. Bc3 Bd6 18. Qh4 Qg6 19. Qg5 Qxg5 20. Nxg5 Rae8
21. Rac1 f4 22. exf4 Bxf4 1/2-1/2

[Event "Hotel MEDOSZ Spring Open"]
[Site "Budapest"]
[Date "2014.03.22"]
[Round "9.12"]
[White "Polyanszky-Tamasi, Zoltan"]
[Black "Szalay, Janos Dr"]
[Result "1-0"]
[WhiteElo "1799"]
[BlackElo "1795"]
[PlyCount "71"]
[EventDate "2014.03.14"]

1. c4 e5 2. Nc3 c6 3. Qa4 Nf6 4. e4 Bc5 5. Be2 O-O 6. Nf3 d6 7. O-O Nbd7 8. b4
Bd4 9. Qc2 a5 10. b5 cxb5 11. Nxd4 exd4 12. Nxb5 Nc5 13. d3 Ne6 14. Ba3 Ra6 15.
Nxd6 Rxd6 16. e5 Ne8 17. exd6 Nxd6 18. Rab1 b6 19. Bg4 f5 20. Bf3 Kh8 21. Qb3
Ng5 22. Bd5 Rf6 23. Qxb6 Qd7 24. f4 Nxc4 25. Qc5 Nh3+ 26. gxh3 Nxa3 27. Rbe1 h6
28. Re7 Qd8 29. Rfe1 Bd7 30. Qxa3 Qc7 31. Qc1 Qd6 32. R1e5 Rg6+ 33. Kf2 Kh7 34.
Bf3 Bb5 35. Bh5 Rf6 36. Qg1 1-0

[Event "Hotel MEDOSZ Spring Open"]
[Site "Budapest"]
[Date "2014.03.22"]
[Round "9.13"]
[White "Xiao Hu, Chen"]
[Black "Vegvari, Ferenc"]
[Result "0-1"]
[WhiteElo "1546"]
[BlackElo "1719"]
[PlyCount "54"]
[EventDate "2014.03.14"]

1. e4 c5 2. Nf3 d6 3. d4 cxd4 4. Nxd4 Nf6 5. Nc3 a6 6. a4 e5 7. Nb3 b6 8. f4
Nbd7 9. Be2 Bb7 10. Bf3 Be7 11. Be3 Qc7 12. O-O Rd8 13. Qe2 exf4 14. Bxf4 Ne5
15. Rad1 O-O 16. Nc1 Nxf3+ 17. Rxf3 Nh5 18. Be3 f5 19. Rxf5 Rxf5 20. exf5 Nf6
21. Qf2 Ng4 22. Bxb6 Qc6 23. Qe2 Qxb6+ 24. Kf1 Nxh2+ 25. Ke1 Bh4+ 26. Kd2 Qd4+
27. Nd3 Bg5+ 0-1

[Event "Hotel MEDOSZ Spring Open"]
[Site "Budapest"]
[Date "2014.03.22"]
[Round "9.14"]
[White "Horvath, Lajos Dr"]
[Black "Marcu, Simon"]
[Result "0-1"]
[WhiteElo "1565"]
[BlackElo "1892"]
[PlyCount "54"]
[EventDate "2014.03.14"]

1. e4 c6 2. Bc4 d5 3. exd5 cxd5 4. Bb3 e5 5. d3 Nc6 6. Nc3 Be6 7. Nf3 h6 8. Qe2
f6 9. Ba4 Bb4 10. Bd2 Nge7 11. O-O O-O 12. a3 Bd6 13. Nb5 Bb8 14. Nc3 Bg4 15.
h3 Nd4 16. Qd1 Nxf3+ 17. gxf3 Bxh3 18. Re1 Kh7 19. f4 Ng6 20. Qf3 Be6 21. Bb3
Nh4 22. Qh1 g5 23. Nxd5 Bg4 24. fxg5 fxg5 25. Re3 Bf3 26. Rxf3 Nxf3+ 27. Kg2
Nxd2 0-1